00430nam a2200133Ia 4500008004000000020001800040082001500058100004000073245009000113260003700203300000800240440000700248650004100255210210b2005 xxu||||| |||| 00| 0 eng d a81 7835 370 9 a915.4 BHAL aBHATT (S C) and BHARGAVA (Gopal K). aLand and people of Indian states and union territories (in 36 volumes): Kerala Vol.14 aDelhibKalpaz publicationsc2005 a438 a14 aLand and people India, Kerala Vol.14